Catálogo
 En Linea

La gran enciclopedia de los arreglos de mesa / (Registro nro. 33944)

Detalles MARC
000 -CABECERA
campo de control de longitud fija 00760nam a2200205 a 4500
001 - NÚMERO DE CONTROL
campo de control 000034453
005 - FECHA Y HORA DE LA ÚLTIMA TRANSACCIÓN
campo de control 20200930073716.0
008 - DATOS DE LONGITUD FIJA--INFORMACIÓN GENERAL
campo de control de longitud fija 111004s2000 sp a 000 0 spa d
020 ## - NÚMERO INTERNACIONAL ESTÁNDAR DEL LIBRO
Número Internacional Estándar del Libro 8471837102
020 ## - NÚMERO INTERNACIONAL ESTÁNDAR DEL LIBRO
Número Internacional Estándar del Libro 8471837110 (tomo 1)
020 ## - NÚMERO INTERNACIONAL ESTÁNDAR DEL LIBRO
Número Internacional Estándar del Libro 8471837129 (tomo 2)
040 ## - FUENTE DE LA CATALOGACIÓN
Centro catalogador/agencia de origen DO-SdBNP
Lengua de catalogación spa
Centro/agencia transcriptor BNPHU
082 ## - NÚMERO DE LA CLASIFICACIÓN DECIMAL DEWEY
Número de clasificación xxx
100 1# - ENTRADA PRINCIPAL--NOMBRE DE PERSONA
Nombre de persona Evelegh, Tessa
9 (RLIN) 59885
245 13 - MENCIÓN DE TÍTULO
Título La gran enciclopedia de los arreglos de mesa /
Mención de responsabilidad, etc. Tessa Evelegh.
260 ## - PUBLICACIÓN, DISTRIBUCIÓN, ETC.
Lugar de publicación, distribución, etc. Barcelona, España :
Nombre del editor, distribuidor, etc. Hymsa,
Fecha de publicación, distribución, etc. 2000.
300 ## - DESCRIPCIÓN FÍSICA
Extensión 2 v. :
Otras características físicas il. ;
Dimensiones 29 cm.
500 ## - NOTA GENERAL
Nota general 100 diseños, ideas y diagramas para arreglar mesas, con más de 60 magníficos proyectos realizados paso a paso
505 0# - NOTA DE CONTENIDO CON FORMATO
Información miscelánea Volumen 1 :
Título Diseños creativos y originales --
Información miscelánea Volumen 2 :
Título Estilos elegantes y personales
Existencias
Estado de retiro Estado de pérdida Restricciones de uso No para préstamo Código de colección Localización permanente Ubicación/localización actual Ubicación en estantería Fecha de adquisición Número de inventario Total de préstamos Signatura topográfica completa Código de barras Fecha visto por última vez Precio válido a partir de Tipo de ítem Koha
      Excluido de préstamo Monografías: Libros y Folletos General General En catalogación 04.10.2011 LF1   xxx 34453-10 25.06.2020 25.06.2020 No se presta
      Excluido de préstamo Monografías: Libros y Folletos General General En catalogación 04.10.2011 LF1   xxx 34453-20 25.06.2020 25.06.2020 No se presta

Con tecnología Koha